| Tag |
First Indicator |
Second Indicator |
Subfields |
| LEADER |
00000cam a2200000 4500 |
| 001 |
in00003814621 |
| 005 |
20190415185257.0 |
| 006 |
m o d |
| 007 |
cr |n||||||||n |
| 008 |
880621s1799 enk|||| o 00| ||eng c |
| 035 |
|
|
|a (CU-RivES)T180480
|
| 035 |
|
|
|a (Uk-ES)006275232
|
| 035 |
|
|
|a (OCoLC)509315458
|
| 040 |
|
|
|a Uk-ES
|c Uk-ES
|d CU-RivES
|d CStRLIN
|d CU-RivES
|d Cengage Gale
|d UtOrBLW
|
| 245 |
0 |
4 |
|a The Whim of the day, (for 1799.) :
|b Being an entertaining selection, of the choicest and most approved songs, now singing at the Theatres-Royal, Anacreontic Society, the Beef-Steak Club, and other convivial and polite assemblies. To which is added, the convivial toast-master; or, president's sentimental guide.
|
| 264 |
|
3 |
|a London :
|b Printed by and for J. Roach, at the Britannia Printing-Office, Russel-Court, Drury-Lane,
|c [1799]
|
| 300 |
|
|
|a 1 online resource (96 pages,plate)
|
| 336 |
|
|
|a text
|b txt
|2 rdacontent
|
| 337 |
|
|
|a computer
|b c
|2 rdamedia
|
| 338 |
|
|
|a online resource
|b cr
|2 rdacarrier
|
| 500 |
|
|
|a Price on title page: Price One Shilling.
|
| 509 |
|
|
|a Frontis = plate
|
| 510 |
4 |
|
|a English Short Title Catalog,
|c T180480.
|
| 500 |
|
|
|a Reproduction of original from Bodleian Library (Oxford).
|
| 500 |
|
|
|a Electronic resource.
|
| 650 |
|
0 |
|a Songs, English.
|0 http://id.loc.gov/authorities/subjects/sh85125063
|
| 655 |
|
7 |
|a Electronic books.
|2 local
|
| 710 |
2 |
|
|a Gale (Firm)
|0 http://id.loc.gov/authorities/names/no2008071348
|
| 752 |
|
|
|a Great Britain
|b England
|d London.
|
| 856 |
4 |
0 |
|u http://proxy.library.tamu.edu/login?url=http://find.galegroup.com/ecco/infomark.do?contentSet=ECCOArticles&docType=ECCOArticles&bookId=1304601300&type=getFullCitation&tabID=T001&prodId=ECCO&docLevel=TEXT_GRAPHICS&version=1.0&source=library&userGroupName=txshracd2898
|z Connect to the full text of this electronic book
|t 0
|
| 999 |
f |
f |
|s b069f506-7e00-3ea9-9c43-621567cc9149
|i 9fd37ab0-da62-310c-856b-3a2e6cdf6ca8
|t 0
|
| 952 |
f |
f |
|a Texas A&M University
|b College Station
|c Electronic Resources
|d Available Online
|t 0
|h No information provided
|
| 998 |
f |
f |
|t 0
|l Available Online
|